Name That Plane! - Statistics

General Stats
  • This quiz has been taken 106 times
  • The average score is 6 of 10
Answer Stats
Picture Answer % Correct
United 777
84%
All Nippon Airways 787
83%
Emirates A380
81%
Qantas 737
78%
American A320
61%
Air New ZealandATR72
54%
UPS 747
54%
DHL 767
49%
Delta 757
48%
Singapore Airlines A350
35%
No matching quizzes found
Score Distribution
Percent of People with Each Score
Percentile by Number Answered
Your Score History
You have not taken this quiz